<The> Changing Idea of Europe

Meniaca sa predstava Európy. Vývoj Európy spolu s vývojom krajín a ich obyvateľov v rámci Európy. Historický vývoj od antického sveta, Rímsku ríšu, kresťanstvo. Kresťanstvo a jeho vplyv na vývoj Európy. Európa a civilizácia.

Saved in:
Bibliographic Details
Main Author: Hrivíková, Tatiana, 1959-
Format: Book Chapter
Language:English
Subjects:
Tags: Add Tag
No Tags, Be the first to tag this record!

MARC

LEADER 00000naa$a2200000$$$4500
001 0161606
005 20240502083359.2
041 0 |a eng 
044 |a RU 
245 1 0 |a <The> Changing Idea of Europe  |c Tatiana Hrivíková 
520 |a Meniaca sa predstava Európy. Vývoj Európy spolu s vývojom krajín a ich obyvateľov v rámci Európy. Historický vývoj od antického sveta, Rímsku ríšu, kresťanstvo. Kresťanstvo a jeho vplyv na vývoj Európy. Európa a civilizácia. 
610 2 0 |a história 
610 2 0 |a civilizácia 
610 2 0 |a kresťanstvo 
610 2 0 |a sloboda 
610 2 0 |a humanizmus 
610 2 0 |a Európa 
100 1 |a Hrivíková, Tatiana, 1959-